000 00323nam a2200133Ia 4500
008 240624s9999 xx 000 0 und d
041 _aeng
082 _a303.3 NAI
100 _aNAIM MOISES
245 _aEND OF POWER
260 _c2013
_aNew Delhi
_bBasic Books
300 _axiii, : 306 : p. : cm. ; 21
365 _cRS
_b30
999 _c27642
_d27642